Principle & practice of marketing
Guardat en:
| Autor principal: | |
|---|---|
| Format: | Llibre |
| Idioma: | anglès |
| Publicat: |
SAGE
2014
|
| Etiquetes: |
Afegir etiqueta
Sense etiquetes, Sigues el primer a etiquetar aquest registre!
|
MARC
| LEADER | 00000nam a22000007a 4500 | ||
|---|---|---|---|
| 008 | 201204b ||||| |||| 00| 0 eng d | ||
| 020 | |a 978-1-4462-7400-2 | ||
| 100 | |a BLYTHE, Jim | ||
| 245 | |a Principle & practice of marketing |c Jm BLYTHE |g xxvii, 772p. | ||
| 250 | |b 3rd ed. | ||
| 260 | |b SAGE |c 2014 |h Los Angeles |i 693351,693352 |l HF5415.B62 |m Marketing | ||
| 942 | |a lcc |c BK |e Olagoke,M.A |f 04/12/2020 | ||
| 952 | |0 0 |1 0 |2 lcc |4 0 |6 HF5415 B62 |7 0 |9 2006 |a HOL |b SSL |c GJ |d 2021-04-06 |l 0 |o HF5415 .B62 |p 2021-5866 |r 2021-04-06 00:00:00 |w 2021-04-06 |y BK | ||
| 952 | |0 0 |1 0 |2 lcc |4 0 |6 HF5415 B62 |7 0 |9 2007 |a HOL |b HOL |c GJ |d 2021-04-06 |l 0 |o HF5415 .B62 |p 2021-5867 |r 2021-04-06 00:00:00 |w 2021-04-06 |y BK | ||
| 999 | |c 18 |d 18 | ||